El universo en una cáscara de nuez (Registro nro. 184493)

Detalles MARC
000 -ENCABEZADO
Número de control [NR] 00988 a2200277 4500
005 - FECHA Y HORA DE LA ÚLTIMA TRANSACCIÓN
control field 20241007143805.0
008 - DE LONGITUD FIJA DE DATOS DE ELEMENTOS - INFORMACIÓN GENERAL
Elementos de longitud fija [NR] 140219s2002 sp a frn 001 0 spa d
020 ## - NUMERO INTERNACIONAL NORMALIZADO PARA LIBROS [R]
Número Internacional Normalizado del libro [NR] 9788484322931
040 ## - FUENTE DE CATALOGACION [NR]
Agencia de catalogación original [NR] CO-BoUCM
Idioma de catalogación [NR] spa
Quien Cataloga David Moreno
Quien Clasifica David Moreno
041 ## - CODIGO DE IDIOMA [R]
Código de idioma para texto/pista de sonido o título separado [R] Español
100 1# - ASIENTO PRINCIPAL--NOMBRE PERSONAL [NR]
Nombre personal [NR] Hawking, Stephen
ID Autoridad 53590
245 13 - MENCION DE TITULO [NR]
Título [NR] El universo en una cáscara de nuez
Mención de responsabilidad, etc. [NR] Stephen Hawking; traducción castellana de David Jou
260 ## - PUBLICACION, DISTRIBUCION, ETC. (PIE DE IMPRENTA) [R]
Nombre del editor, distribuidor, etc. [R] Critica
Lugar de publicación, distribución, etc. [R] Barcelona (España)
Fecha de publicación, distribución, etc. [R] 2002
300 ## - DESCRIPCION FISICA [R]
Extensión [R] viii, 216 Páginas
Otros detalles físicos [NR] ilustraciones
504 ## - NOTA DE BIBLIOGRAFIA, ETC. [R]
Nota de bibliografía, etc. [NR] Incluye referencias bibliográficas e índices
650 ## - ASIENTO SECUNDARIO DE MATERIA - TERMINO TEMATICO [R]
9 (RLIN) 8748
Término temático o nombre geográfico como elemento de entrada [NR] Agujeros negros
650 #7 - ASIENTO SECUNDARIO DE MATERIA - TERMINO TEMATICO [R]
9 (RLIN) 14888
Término temático o nombre geográfico como elemento de entrada [NR] Espacio y tiempo
650 #7 - ASIENTO SECUNDARIO DE MATERIA - TERMINO TEMATICO [R]
9 (RLIN) 15910
Término temático o nombre geográfico como elemento de entrada [NR] Física cuántica
650 #7 - ASIENTO SECUNDARIO DE MATERIA - TERMINO TEMATICO [R]
Término temático o nombre geográfico como elemento de entrada [NR] Cosmología
9 (RLIN) 12048
650 #7 - ASIENTO SECUNDARIO DE MATERIA - TERMINO TEMATICO [R]
Término temático o nombre geográfico como elemento de entrada [NR] Relatividad (Física)
9 (RLIN) 23483
690 ## - ASUNTO AGREGADO LOCAL DE ENTRADA - TÉRMINO TEMÁTICO (OCLC, RLIN)
Acceso temático local Ciencias naturales
9 (RLIN) 10813
700 ## - ASIENTO SECUNDARIO - NOMBRE PERSONAL [R]
Nombre personal [NR] Jou, David
Término de relación [R] traductor
9 (RLIN) 56661
765 ## - ASIENTO DE IDIOMA ORIGINAL [R]
Título [NR] The universe in a nutshell
942 ## - ELEMENTOS DE ENTRADA AGREGADOS (KOHA)
Tema principal Ciencias puras
Tipo de ítem principal el descrito en 300a Libro
Edición 1
Parte restante de la signatura top. H392
Sistema de clasificación DEWEY
Clasificación 523.1
Título oculto en OPAC No
Existencias
Signatura topográfica Código de barras Última vez visto Ejemplar Costo de reposición Price effective from Tipo de ítem Perdido Sistema de clasificación Dañado No prestable Tipo de ítem específico Suprimido Ubicación habitual Ubicación actual Localización Fecha de creación Proveedor Forma de adquisición Costo Fecha de último préstamo Total préstamos Total Renewals
523.1 H392 100139624 04/12/2025 Ej.3 91936.00 05/12/2013 Libro   DEWEY     Libro   Claustro Claustro 4to piso 05/12/2013 2 Compra 91936.00      
523.1 H392 100139623 04/12/2025 Ej.2 91936.00 05/12/2013 Libro   DEWEY     Libro   Claustro Claustro 4to piso 05/12/2013 2 Compra 91936.00 10/07/2019 5 2
523.1 H392 100140356 04/12/2025 Ej.1 67900.00 22/01/2014 Libro   DEWEY     Libro   Claustro Claustro 4to piso 22/01/2014 15 Compra 67900.00 08/04/2025 7 7